000
00294nam a2200121Ia 4500
005
20251222155138.0
008
251222s9999||||xx |||||||||||||| ||spa||
082
_a
PED.55
245
0
_a
Manual de procedimientos y protocolos de atención
250
_a
1ra. ed.
264
_b
Minsa
942
_c
LIB
999
_c
39079
_d
39079